Príležitosti a bariéry rozvoja cykloturistiky na Slovensku bakalárska práca

Salvato in:
Dettagli Bibliografici
Autore principale: Koťková, Ivana
Ente Autore: Obchodná fakulta EU. Katedra služieb a cestovného ruchu - zrušené
Altri autori: Litomerický, Juraj
Natura: Libro
Lingua:slovacco
Pubblicazione: Bratislava 2011
Tags: Aggiungi Tag
Nessun Tag, puoi essere il primo ad aggiungerne!!

MARC

LEADER 00000nbm a2200000 4500
001 0132023
005 20161109111426.8
041 0 |a slo 
044 |a SK 
245 1 0 |a Príležitosti a bariéry rozvoja cykloturistiky na Slovensku  |b bakalárska práca  |c Ivana Koťková ; školiteľ: Juraj Litomerický 
264 1 |a Bratislava  |c 2011 
300 |a 61 s. 
100 1 |a Koťková, Ivana 
700 1 |a Litomerický, Juraj 
710 2 |a Obchodná fakulta EU. Katedra služieb a cestovného ruchu - zrušené